| 000 | 00539nam a2200181Ia 4500 | ||
|---|---|---|---|
| 003 | GCL | ||
| 008 | 140319s9999 xx 000 0 ara d | ||
| 040 |
_aGCL / _cGCL |
||
| 082 | 0 | 4 |
_aط _b398.22 _bد ن |
| 100 | 1 | _aدار الفتى العربى | |
| 245 | 1 | 0 |
_aالنهر والاربعون عالما / _cدار الفتى العربى |
| 490 |
_aمن حكايات الشعوب _v0 |
||
| 650 | 0 | 4 | _aالاطفال |
| 650 | 0 | 4 | _aقصص الاطفال |
| 650 | 0 | 4 | _aالالغاز |
| 650 | 0 | 4 | _aحكايات عربية |
| 942 |
_2ddc _cBK |
||
| 999 |
_c51427 _d51427 |
||